000 00686nam a2200241Ia 4500
003 OSt
005 20220925235323.0
006 a|||||r|||| 00| 0
007 ta
008 220923b |||||||| |||| 00| 0 eng d
037 _cGeneral Book
040 _aRTL
_cRTL
_beng
041 _2eng
_aeng
082 _aY592.2.N8, M6
100 _aPandey Rajendra
_9134541
245 0 _aCaste system in India
_b Myth and reality
260 _a New Delhi
_bCriterion Publications
_c1986
300 _avi, 241p
_ccm.
500 _aBibiliography P199-238
650 _aCaste
_9184358
942 _hY592.2.N8, M6
_cGB
_2CC
999 _c597128
_d597128